| 000 | 00644nam a2200241Ia 4500 | ||
|---|---|---|---|
| 003 | OSt | ||
| 005 | 20220918180806.0 | ||
| 006 | a|||||r|||| 00| 0 | ||
| 007 | ta | ||
| 008 | 220917b |||||||| |||| 00| 0 eng d | ||
| 024 | _a24,159 | ||
| 037 | _cTextual | ||
| 040 |
_aARTS _cARTS _beng |
||
| 041 |
_2eng _aeng |
||
| 082 | _aO111:gL, M4 | ||
| 100 |
_aBarker Francis _957104 |
||
| 245 | 0 |
_aTremulous private body _b essays on subjection |
|
| 260 |
_aLondon _bMethuen _c1984 |
||
| 300 |
_axii,116p. _ccm. |
||
| 650 | _aENGLISH LITERATURE | ||
| 942 |
_hO111:gL, M4 _cTEXL _2CC |
||
| 999 |
_c163142 _d163142 |
||